| 000 | 01136nam a22002775i 4500 | ||
|---|---|---|---|
| 001 | 176919 | ||
| 003 | ES-MaACL | ||
| 005 | 20230906220219.0 | ||
| 008 | 110218s1968 sp afo e |||| | spa d | ||
| 080 | _a5/6(03) | ||
| 245 | 0 | 3 |
_aLa técnica y la materia / _cprólogo del Dr. D. Luis Miratvilles ; con un texto inédito de Robert Oppenheimet ; [traductores y redactores, José Aymamí ... et al.]. |
| 260 |
_aBarcelona : _bArgos, _c[1968] |
||
| 300 |
_a2 v. : _bil. col. y n. ; _c24 cm. |
||
| 490 | 1 | _aEnciclopedia internacional Focus | |
| 505 | 8 | 0 | _aContiene: 1. La técnica (780 p.) - 2. - La materia (739 p.) |
| 594 | _aVol. de extensión, complementarios de la Enciclopedia internacional Focus. | ||
| 650 | 4 |
_aTecnología- _vEnciclopedias. _9143700 |
|
| 650 | 4 |
_aCiencias- _vEnciclopedias. _9140482 |
|
| 700 | 1 |
_aMiravitlles, Luis. _981575 |
|
| 700 | 1 |
_aOppenheimer, J. Robert. _9156731 |
|
| 700 | 1 |
_aAymamí, José María. _9173776 |
|
| 740 | 0 | 2 | _aEnciclopedia internacional Focus. |
| 830 | 1 |
_aEnciclopedia internacional Focus _9190302 |
|
| 852 | 4 |
_aES-MaACL _jE-14356-57 _xOlim P-381-Ter |
|
| 999 |
_c176919 _d176919 |
||